01000nam a2200265 a 450000100100000000500170001000800410002702000150006804000250008308200240010810000480013224501290018025000320030926000320034130000210037350000430039465000290043765000310046670000370049770000390053491000070057304900090058095201280058999900170071700001143220210409114020.0091019s1996 sp a 000 p spa d a8437612241 aDO-SdBNPbspacBNPHU a861.62bG216p, 1996 aGarcía Lorca, Federico,d1898-193691472710aPoesía inédita de juventud /cFederico García Lorca ; edición de Christian De Paepe ; prólogo de Marie Laffranque. a2a ed. ampliada y corregida aMadrid :bCátedra,c1996. a606 p. ;c18 cm. aIncluye notas al pie de las páginas. 4aPoesía española9631 4aLiteratura española96321 aDe Paepe, Christian,eed.9271091 aLaffranque, Marie,epról.927110 aWM aBNGR 001054708MOaGRbGRcHDd2009-11-18iLF1l0o861.62 G216p, 1996p11432-10r2020-06-25w2020-06-25y4ZPréstamo en sala c11134d11134